Modern microwave circuits / (Record no. 175577)
[ view plain ]
| 000 -LEADER | |
|---|---|
| fixed length control field | 00896 a2200217 4500 |
| 003 - CONTROL NUMBER IDENTIFIER | |
| control field | Nust |
| 005 - DATE AND TIME OF LATEST TRANSACTION | |
| control field | 20220812122349.0 |
| 010 ## - LIBRARY OF CONGRESS CONTROL NUMBER | |
| LC control number | 2005041998 |
| 020 ## - INTERNATIONAL STANDARD BOOK NUMBER | |
| International Standard Book Number | 1580537251 (alk. paper) |
| 040 ## - CATALOGING SOURCE | |
| Transcribing agency | Nust |
| 082 00 - DEWEY DECIMAL CLASSIFICATION NUMBER | |
| Classification number | 621.3813,KIN |
| 100 1# - MAIN ENTRY--PERSONAL NAME | |
| Personal name | Kinayman, Noyan. |
| 9 (RLIN) | 96985 |
| 245 10 - TITLE STATEMENT | |
| Title | Modern microwave circuits / |
| Statement of responsibility, etc. | Noyan Kinayman, M.I. Aksun. |
| 260 ## - PUBLICATION, DISTRIBUTION, ETC. | |
| Place of publication, distribution, etc. | Boston, Mass. : |
| Name of publisher, distributor, etc. | Artech House, |
| Date of publication, distribution, etc. | c2005. |
| 300 ## - PHYSICAL DESCRIPTION | |
| Extent | xiv, 604 p. : |
| Other physical details | ill. ; |
| Dimensions | 24 cm. + |
| Accompanying material | 1 CD-ROM (4 3/4 in.). |
| 440 #0 - SERIES STATEMENT/ADDED ENTRY--TITLE | |
| Title | Artech House microwave library |
| 9 (RLIN) | 28737 |
| 505 ## - FORMATTED CONTENTS NOTE | |
| Formatted contents note | Microwave Network Theory (Page-1), Microwave Printed Circuits (Page-141), Full-Wave Analysis Printed Circuits (Page-211), Microstrip Patch Antennas (Page-291), Microstrip Coupled Lines (Page-357), Microstrip Filters (Page-415), Microwave Lumped Components (Page-533). |
| 650 #0 - SUBJECT ADDED ENTRY--TOPICAL TERM | |
| Topical term or geographic name entry element | Microwave circuits. |
| 700 1# - ADDED ENTRY--PERSONAL NAME | |
| Personal name | Aksun, M. I. |
| 9 (RLIN) | 96986 |
| 942 ## - ADDED ENTRY ELEMENTS (KOHA) | |
| Koha item type | Reference |
| Source of classification or shelving scheme | |
| Withdrawn status | Lost status | Source of classification or shelving scheme | Damaged status | Not for loan | Permanent Location | Current Location | Shelving location | Date acquired | Full call number | Barcode | Date last seen | Price effective from | Koha item type | Public note |
|---|---|---|---|---|---|---|---|---|---|---|---|---|---|---|
| Military College of Signals (MCS) | Military College of Signals (MCS) | Reference | 12/12/2016 | 621.3813,KIN | MCS31477 | 12/08/2016 | 12/12/2016 | Reference | Almirah No.21, Shelf No.3 |
